| 000 | 00502 a2200193 4500 | ||
|---|---|---|---|
| 005 | 20260226112546.0 | ||
| 008 | 260226b |||||||| |||| 00| 0 eng d | ||
| 020 |
_a9789364551519 _cRs. 425.00 |
||
| 040 | _aMAIN | ||
| 082 |
_a340.072 _bG959L |
||
| 100 | _aGupta, Shipra | ||
| 245 | _aLegal research methodology | ||
| 260 |
_bTaxmann Publications _c2025 _aNew Delhi |
||
| 300 | _av. | ||
| 650 | _aLaw- Research- Methodology | ||
| 650 | _aLegal Research | ||
| 700 | _aBatra, Neelam | ||
| 942 | _cBK | ||
| 999 |
_c396365 _d396365 |
||